Statistiques concernant Meilleurs buteurs par club Ligue 1 2022/2023

Cliquez ici pour prendre le quiz!

Statistiques générales

  • Ce quiz a été pris 186 fois
  • Le résultat moyen est 12 sur 20

Statistiques - réponses

ClubNomNombre de but% Correct
PSGKylian Mbappé29
98%
LyonAlexandre Lacazette27
93%
LensLois Openda21
92%
MonacoWissam Ben Yedder19
91%
LilleJonathan David24
89%
MontpellierElye Wahi19
83%
ReimsFolarin Balogun21
83%
MarseilleAlexis Sanchez14
82%
NiceTerem Moffi18
75%
RennesAmine Gouiri15
74%
StrasbourgHabib Diallo20
71%
NantesMostafa Mohamed8
53%
ToulouseThijs Dallinga12
48%
TroyesMama Baldé12
42%
BrestJeremy Le Douaron10
30%
AuxerreM'Baye Niang6
29%
AjaccioYoucef Belaili6
28%
Clermont-FerandGrejohn Kyei10
25%
LorientIbrahima Kone7
23%
AngersAbdallah Sima5
11%

Distribution des résultats

Percentile par nombre de réponses

% des personnes avec chaque résultat

Votre développement - résultats

Vous n’avez pas pris ce quiz